[Event "Hamburger SK IV - SK Marmstorf"]
[Site "Landesliga Hamburg 2019/20"]
[Date "2019.10.20"]
[Round "2.6"]
[White "Colpe, Helge"]
[Black "Peschke, Matthias"]
[Result "0-1"]
[WhiteElo "2052"]
[BlackElo "1994"]
[PlyCount "60"]
[EventDate "2019.??.??"]

1. d4 Nf6 2. Nf3 c5 3. e3 d5 4. c4 Nc6 5. Nc3 e6 6. a3 cxd4 7. exd4 Be7 8. Bd3
dxc4 9. Bxc4 O-O 10. O-O Nd5 11. Re1 Re8 12. Qd3 Bf6 13. Ne4 Nb6 14. Nxf6+ Qxf6
15. Bb3 Qg6 16. Qe2 Rd8 17. Bc2 Qh5 18. Qe4 Nd5 19. Bg5 Nf6 20. Bxf6 gxf6 21.
Qf4 Kg7 22. Re3 Ne7 23. Nh4 Nd5 24. Rg3+ Kh8 25. Qe4 f5 26. Qd3 Qxh4 27. Rh3
Qf6 28. Qf3 Rg8 29. Ba4 Qxd4 30. Qh5 Rg7 0-1

[Event "Hamburger SK IV - SK Marmstorf"]
[Site "Landesliga Hamburg 2019/20"]
[Date "2019.10.20"]
[Round "2.7"]
[White "Anderberg, Peter"]
[Black "Zickelbein, Eva Maria"]
[Result "0-1"]
[WhiteElo "2024"]
[BlackElo "1937"]
[PlyCount "106"]
[EventDate "2019.??.??"]

1. d4 d6 2. e4 Nf6 3. Nc3 e5 4. Nf3 Nbd7 5. Be2 Be7 6. O-O O-O 7. dxe5 dxe5 8.
Bg5 c6 9. Qd2 Qc7 10. a3 b5 11. Ne1 Nc5 12. f3 Ne6 13. Be3 Rd8 14. Bd3 a6 15.
Qf2 c5 16. Nd5 Nxd5 17. exd5 Nd4 18. c3 Nf5 19. Bxf5 Bxf5 20. Rd1 Be6 21. f4 e4
22. f5 Bxd5 23. f6 Bxf6 24. Bxc5 Bc4 25. Bb6 Qxb6 26. Qxb6 Rxd1 27. Qe3 Bxf1
28. Kxf1 Rad8 29. Ke2 h6 30. Qxe4 R8d2+ 31. Kf1 Rd5 32. Kf2 Re5 33. Qa8+ Rd8
34. Qf3 Rd2+ 35. Kf1 Rxb2 36. Nd3 Rb1+ 37. Kf2 Re8 38. Nc5 Rb2+ 39. Kf1 Rc8 40.
Ne4 Be7 41. Qf5 Rd8 42. Ke1 Rxg2 43. Qe5 Bh4+ 44. Kf1 Ra2 45. Nd6 Rf2+ 46. Kg1
Rf6 47. Ne4 Rg6+ 48. Kf1 Rd1+ 49. Ke2 Re1+ 50. Kd2 Re6 51. Qb8+ Kh7 52. Nd6
Bg5+ 53. Kc2 Bf4 0-1

[Event "Hamburger SK IV - SK Marmstorf"]
[Site "Landesliga Hamburg 2019/20"]
[Date "2019.10.20"]
[Round "2.8"]
[White "Salenko, Vadim"]
[Black "Peschke, Andres"]
[Result "1-0"]
[WhiteElo "1970"]
[BlackElo "1957"]
[PlyCount "143"]
[EventDate "2019.??.??"]

1. d4 d5 2. e3 Nf6 3. Bd3 g6 4. Nd2 Bg7 5. f4 c5 6. c3 cxd4 7. exd4 Nc6 8. Ngf3
Nh5 9. g3 O-O 10. O-O Bg4 11. Qc2 Rc8 12. Qb1 e6 13. Ng5 Bf5 14. Ndf3 h6 15.
Bxf5 exf5 16. Nh3 Re8 17. Ne5 Nf6 18. Qd3 Qb6 19. Kh1 Ne4 20. Qf3 Ne7 21. g4
Qb5 22. Rg1 Bxe5 23. fxe5 Kh7 24. Rg2 Qd7 25. Be3 Rf8 26. Rf1 fxg4 27. Rxg4 Nf5
28. Bc1 b5 29. Nf2 Nxf2+ 30. Qxf2 b4 31. cxb4 Rc4 32. Rf4 Rxb4 33. Qd2 Rb6 34.
b3 Ra6 35. Qd3 Rc6 36. Qh3 Rfc8 37. Bd2 R8c7 38. R1f2 Rb7 39. Qd3 Rbc7 40. h4
h5 41. Qf3 Qe6 42. Qg2 Nh6 43. Rf6 Qg4 44. Qxg4 Nxg4 45. Rxf7+ Kg8 46. Rf8+ Kg7
47. Rf1 Rc2 48. Bg5 Rh2+ 49. Kg1 Rh3 50. R1f3 Rh2 51. e6 Re2 52. e7 Re1+ 53.
Rf1 Rexe7 54. Bxe7 Rxe7 55. Ra8 Nf6 56. Rc1 Ne4 57. Rac8 Kf6 58. R8c7 Re8 59.
Rf1+ Ke6 60. Rxa7 Rc8 61. Ra6+ Nd6 62. Re1+ Kd7 63. Ra7+ Kd8 64. Ree7 Rc1+ 65.
Kg2 Rc2+ 66. Kf3 Nf5 67. Red7+ Ke8 68. Rxd5 Nxh4+ 69. Kf4 Ng2+ 70. Kg5 Rc6 71.
Rc5 Rd6 72. Rc8+ 1-0

[Event "SK Union Eimsbüttel - SK Weisse Dame"]
[Site "Landesliga Hamburg 2019/20"]
[Date "2019.10.20"]
[Round "2.1"]
[White "Popist, Florian"]
[Black "Voigt, Gerrit"]
[Result "1-0"]
[WhiteElo "2019"]
[BlackElo "2142"]
[PlyCount "69"]
[EventDate "2019.??.??"]

1. e4 c5 2. Nf3 Nc6 3. d4 cxd4 4. Nxd4 Nf6 5. Nc3 e5 6. Ndb5 d6 7. Bg5 a6 8.
Na3 b5 9. Nd5 Be7 10. Bxf6 Bxf6 11. c4 b4 12. Nc2 a5 13. Be2 O-O 14. Bg4 Bb7
15. O-O Bg5 16. Qd3 Nb8 17. a3 bxa3 18. Qxa3 Na6 19. Qxa5 Qxa5 20. Rxa5 Nc5 21.
Rxa8 Rxa8 22. Bf3 Ra2 23. Rb1 Nd3 24. Na3 Rxb2 25. Rxb2 Nxb2 26. Be2 Kf8 27.
Nb5 Be7 28. Ndc3 Ke8 29. g3 Kd7 30. f4 Kc6 31. Nd5 Bf8 32. f5 f6 33. Nbc7 Kd7
34. Ne6 Ke8 35. Bh5+ 1-0

[Event "SK Union Eimsbüttel - SK Weisse Dame"]
[Site "Landesliga Hamburg 2019/20"]
[Date "2019.10.20"]
[Round "2.2"]
[White "Henrich, Holger"]
[Black "Mandelbaum, Peter-Rene"]
[Result "1/2-1/2"]
[WhiteElo "2151"]
[BlackElo "2093"]
[PlyCount "141"]
[EventDate "2019.??.??"]

1. d4 d5 2. c4 e6 3. Nc3 Be7 4. Nf3 Nf6 5. g3 O-O 6. Bg2 dxc4 7. Ne5 Nc6 8.
Bxc6 bxc6 9. Nxc6 Qe8 10. Nxe7+ Qxe7 11. Qa4 Bb7 12. f3 c5 13. Qa3 Rfc8 14.
dxc5 Qxc5 15. Qxc5 Rxc5 16. Be3 Rcc8 17. O-O-O Nd5 18. Bd4 Nxc3 19. Bxc3 Rd8
20. g4 f6 21. g5 f5 22. h4 Bc6 23. Rd4 Rxd4 24. Bxd4 Rd8 25. Rd1 a6 26. h5 Ba4
27. Rd2 Rd5 28. Bc3 Kf7 29. Rd4 g6 30. h6 Ke7 31. Kd2 Rxd4+ 32. Bxd4 Kd6 33. f4
Kd5 34. Kc3 Bd1 35. e3 Be2 36. Kb4 Kc6 37. Ka5 Kb7 38. Be5 Bd3 39. Kb4 Kc6 40.
Kc3 Bb1 41. a3 Ba2 42. Kd4 Bb3 43. Bb8 Ba2 44. Ke5 Kd7 45. Bd6 Bb3 46. Bf8 Ba2
47. Bb4 Bb3 48. Bc3 Ba2 49. e4 Bb3 50. exf5 exf5 51. Kd5 Kc7 52. Ba5+ Kb7 53.
Kd6 Ba2 54. Kd7 Bb3 55. Bd8 Ba2 56. Bf6 Bb3 57. Kd6 Bc2 58. Bc3 Bb3 59. Kd7 Ba2
60. Ke6 Kc6 61. Ke5 Bb3 62. Kd4 Ba2 63. Ba5 Bb3 64. Kc3 Ba2 65. Bd8 Bb3 66. Bf6
Ba2 67. Kd4 Bb3 68. Bd8 Ba2 69. Ke5 Bb3 70. Kf6 Kd7 71. Ba5 1/2-1/2

[Event "SK Union Eimsbüttel - SK Weisse Dame"]
[Site "Landesliga Hamburg 2019/20"]
[Date "2019.10.20"]
[Round "2.3"]
[White "Schiele, Lars"]
[Black "Foerster, Andreas"]
[Result "1/2-1/2"]
[WhiteElo "2058"]
[BlackElo "2190"]
[PlyCount "83"]
[EventDate "2019.??.??"]

1. d4 c5 2. d5 e5 3. Nc3 d6 4. e4 Be7 5. Nf3 Bg4 6. Bb5+ Kf8 7. a4 a6 8. Be2
Bxf3 9. Bxf3 Bg5 10. a5 Bxc1 11. Qxc1 Nf6 12. Nd1 Nbd7 13. Ne3 b5 14. axb6 Nxb6
15. Nf5 h5 16. O-O g6 17. Ne3 Kg7 18. Qd2 Kh7 19. Ra2 Ne8 20. Qa5 Rb8 21. Be2
Qh4 22. f3 Ng7 23. Qe1 Qg5 24. Bxa6 Ra8 25. Ra3 f5 26. Bb5 Rxa3 27. bxa3 Ra8
28. Qc3 h4 29. Bc6 Ra6 30. Bb5 Ra7 31. Ra1 Qf4 32. Qd3 h3 33. Rf1 hxg2 34. Nxg2
Qg5 35. a4 Nh5 36. Ra1 Nf4 37. Qf1 Nh3+ 38. Kh1 Qd2 39. Qe1 Qd4 40. c3 Nf2+ 41.
Kg1 Nh3+ 42. Kh1 1/2-1/2

[Event "SK Union Eimsbüttel - SK Weisse Dame"]
[Site "Landesliga Hamburg 2019/20"]
[Date "2019.10.20"]
[Round "2.4"]
[White "Adloff, Ralf"]
[Black "Lansky, Georg"]
[Result "0-1"]
[WhiteElo "2098"]
[BlackElo "1965"]
[PlyCount "52"]
[EventDate "2019.??.??"]

1. e4 e6 2. d3 d5 3. Nd2 Nf6 4. Ngf3 Be7 5. Be2 c5 6. O-O Nc6 7. c3 O-O 8. Re1
b5 9. e5 Nd7 10. d4 Qb6 11. Nf1 cxd4 12. cxd4 a5 13. Be3 Ba6 14. Rc1 Rfc8 15.
Bd3 a4 16. Ng3 Na5 17. Rxc8+ Rxc8 18. Nd2 Nc4 19. Nxc4 bxc4 20. Bb1 Qb4 21. Qd2
Rb8 22. Qxb4 Rxb4 23. Bc2 Rxb2 24. Bxa4 Nb6 25. Bc6 Rxa2 26. h3 c3 0-1

[Event "SK Union Eimsbüttel - SK Weisse Dame"]
[Site "Landesliga Hamburg 2019/20"]
[Date "2019.10.20"]
[Round "2.5"]
[White "Kuhle, Sebastian"]
[Black "Franke, Lutz"]
[Result "0-1"]
[WhiteElo "2028"]
[BlackElo "2146"]
[PlyCount "80"]
[EventDate "2019.??.??"]

1. c4 e5 2. Nc3 Nc6 3. g3 f5 4. Bg2 Nf6 5. d3 d6 6. Nf3 h6 7. Nh4 Kf7 8. e4
fxe4 9. Nxe4 g5 10. Nxf6 Qxf6 11. Nf3 Be7 12. Nd2 Be6 13. Ne4 Qg6 14. Be3 a6
15. Qe2 Rhf8 16. h4 g4 17. O-O-O Kg7 18. Rdf1 Rae8 19. f3 b5 20. h5 gxf3 21.
Bxf3 Qh7 22. Bg4 Qg8 23. Bxe6 Qxe6 24. g4 bxc4 25. g5 cxd3 26. gxh6+ Kh8 27.
Rxf8+ Rxf8 28. Qd2 Qxa2 29. Nc3 Qc4 30. Rg1 Nd4 31. Kb1 Ne2 32. Rd1 Nxc3+ 33.
Qxc3 Qxc3 34. bxc3 e4 35. Bd4+ Kh7 36. Rg1 Bf6 37. Rf1 Bxd4 38. Rxf8 e3 39.
Rf7+ Kxh6 40. Re7 e2 0-1

[Event "SK Union Eimsbüttel - SK Weisse Dame"]
[Site "Landesliga Hamburg 2019/20"]
[Date "2019.10.20"]
[Round "2.6"]
[White "Winter, Markus"]
[Black "Purniel Umpierre, Christian"]
[Result "1/2-1/2"]
[WhiteElo "2023"]
[BlackElo "1995"]
[PlyCount "53"]
[EventDate "2019.??.??"]

1. d4 e6 2. Nf3 f5 3. Bf4 Nf6 4. e3 b6 5. Nbd2 Bb7 6. Bd3 Bd6 7. Ne5 O-O 8. O-O
Be7 9. Qe2 d6 10. Nef3 h6 11. h3 Nbd7 12. Bh2 Ne4 13. Bc4 d5 14. Bb3 a5 15. c4
c5 16. a3 a4 17. Ba2 Ndf6 18. Rfd1 Bd6 19. Bxd6 Nxd6 20. Ne5 Kh7 21. Rac1 Qe8
22. dxc5 bxc5 23. cxd5 exd5 24. Nd3 c4 25. Nb4 f4 26. Nf1 Kh8 27. Rd4 1/2-1/2

[Event "SK Union Eimsbüttel - SK Weisse Dame"]
[Site "Landesliga Hamburg 2019/20"]
[Date "2019.10.20"]
[Round "2.7"]
[White "Lam, Daniel"]
[Black "Jarnuczak, Detlev"]
[Result "1-0"]
[WhiteElo "1898"]
[BlackElo "1991"]
[PlyCount "67"]
[EventDate "2019.??.??"]

1. e4 c5 2. Nf3 Nc6 3. Bb5 g6 4. O-O Bg7 5. c3 e5 6. d4 exd4 7. cxd4 cxd4 8.
Bf4 Nge7 9. Bd6 O-O 10. Nbd2 a6 11. Qa4 Ra7 12. Bd3 Re8 13. Nb3 b5 14. Qa3 Bb7
15. Bc5 Ra8 16. Nbxd4 Nxd4 17. Bxd4 Bxd4 18. Nxd4 d5 19. e5 Qb6 20. Nb3 Nc6 21.
Qc5 Qd8 22. f4 Rc8 23. Qf2 Nb4 24. Bb1 d4 25. Nxd4 Qd5 26. a3 Nc6 27. Nf3 Nd8
28. Qh4 Ne6 29. f5 Rc4 30. Qh6 Nd8 31. fxg6 hxg6 32. Bxg6 fxg6 33. Qxg6+ Kh8
34. Qxe8+ 1-0

[Event "SK Union Eimsbüttel - SK Weisse Dame"]
[Site "Landesliga Hamburg 2019/20"]
[Date "2019.10.20"]
[Round "2.8"]
[White "Nielsen, Joerg"]
[Black "Opasiak, Dustin Tennessee"]
[Result "1-0"]
[WhiteElo "1980"]
[BlackElo "1774"]
[PlyCount "103"]
[EventDate "2019.??.??"]

1. d4 Nf6 2. c4 c5 3. d5 b5 4. cxb5 a6 5. bxa6 Bxa6 6. Nc3 d6 7. e4 Bxf1 8.
Kxf1 g6 9. Nge2 Bg7 10. h3 O-O 11. Kg1 Nbd7 12. Kh2 e6 13. Be3 exd5 14. exd5
Re8 15. Bf4 Qb6 16. Qd2 Ne4 17. Nxe4 Rxe4 18. Ng3 Rb4 19. Rab1 Rxa2 20. Rhe1
Ne5 21. Re2 Rd4 22. Qc1 Qb4 23. Bd2 Qb5 24. Ra1 Rxa1 25. Qxa1 Ra4 26. Qb1 Qb3
27. Bc3 Nf3+ 28. gxf3 Bxc3 29. Qd3 Rd4 30. Qe3 Qxd5 31. bxc3 Rd3 32. Qe4 Qxe4
33. Nxe4 d5 34. Nxc5 Rxc3 35. Nd7 Rxf3 36. Rd2 Rf5 37. Kg2 Kg7 38. Nb6 Rf6 39.
Nxd5 Rd6 40. Rd3 g5 41. Nb4 Rxd3 42. Nxd3 f5 43. Kg3 h5 44. h4 f4+ 45. Nxf4
gxh4+ 46. Kxh4 Kf6 47. Nxh5+ Kf5 48. f4 Kg6 49. Kg4 Kh6 50. f5 Kh7 51. Kg5 Kg8
52. Kg6 1-0

[Event "SK Johanneum Eppendorf - SC Königssprin"]
[Site "Landesliga Hamburg 2019/20"]
[Date "2019.10.20"]
[Round "2.1"]
[White "Harder, Clemens"]
[Black "von Gleich, Alexander"]
[Result "0-1"]
[WhiteElo "2160"]
[BlackElo "2327"]
[PlyCount "82"]
[EventDate "2019.??.??"]

1. d4 Nf6 2. c4 e6 3. Nc3 Bb4 4. Qc2 O-O 5. a3 Bxc3+ 6. Qxc3 d5 7. f3 Nc6 8.
Bg5 h6 9. cxd5 exd5 10. Bh4 Re8 11. e3 Re6 12. Bf2 b6 13. Rc1 Bb7 14. Ne2 Na5
15. Qd3 Qd6 16. Bg3 Qe7 17. Rxc7 Qe8 18. Bf2 Nc4 19. Nf4 Re7 20. Rxe7 Qxe7 21.
Qc3 Rc8 22. Be2 Ba6 23. h4 Na5 24. Qd2 Nb3 25. Bxa6 Nxd2 26. Bxc8 Nc4 27. O-O
Nxb2 28. Ra1 Nc4 29. a4 Qc7 30. Ba6 Nxe3 31. Ne2 Nc4 32. Bg3 Qe7 33. Re1 Qb4
34. Bb5 Nd6 35. Bd3 Nc4 36. Bc2 g6 37. Kh2 Qd2 38. Bb1 Nh5 39. Bf2 Nf4 40. Nxf4
Qxf2 41. Re8+ Kg7 0-1

[Event "SK Johanneum Eppendorf - SC Königssprin"]
[Site "Landesliga Hamburg 2019/20"]
[Date "2019.10.20"]
[Round "2.2"]
[White "Schroeder, Christoph"]
[Black "Cremer, Jochen"]
[Result "1-0"]
[WhiteElo "2138"]
[BlackElo "2112"]
[PlyCount "63"]
[EventDate "2019.??.??"]

1. e4 c5 2. Nf3 d6 3. d4 cxd4 4. Nxd4 Nf6 5. Nc3 a6 6. Be2 e5 7. Nb3 Be7 8. Bg5
Be6 9. Bxf6 Bxf6 10. Qd3 Nc6 11. O-O-O Be7 12. a3 Rc8 13. Nd5 Bg5+ 14. Kb1 O-O
15. g3 Bxd5 16. Qxd5 Be7 17. Bg4 Rc7 18. Rd3 Qb8 19. Rf3 Qa7 20. Rd1 a5 21. c3
a4 22. Na1 g6 23. Nc2 h5 24. Bh3 Na5 25. Nb4 Rc5 26. Qd3 Nc4 27. Qc2 b5 28.
Rfd3 Rd8 29. Qe2 Nb6 30. f4 exf4 31. gxf4 Bf6 32. e5 1-0

[Event "SK Johanneum Eppendorf - SC Königssprin"]
[Site "Landesliga Hamburg 2019/20"]
[Date "2019.10.20"]
[Round "2.3"]
[White "Stanau, Guido"]
[Black "Zart, Ruediger"]
[Result "1/2-1/2"]
[WhiteElo "2012"]
[BlackElo "2103"]
[PlyCount "120"]
[EventDate "2019.??.??"]

1. e4 c6 2. d4 d5 3. Nc3 dxe4 4. Nxe4 Bf5 5. Ng3 Bg6 6. h4 h6 7. h5 Bh7 8. Nf3
Nd7 9. Bd3 Bxd3 10. Qxd3 e6 11. Bd2 Qc7 12. O-O-O Ngf6 13. c4 O-O-O 14. Ne4
Nxe4 15. Qxe4 Nf6 16. Qe2 c5 17. Rh4 cxd4 18. Nxd4 a6 19. Nb3 Bc5 20. Ba5 Rxd1+
21. Qxd1 b6 22. Qf3 Qb7 23. Qxb7+ Kxb7 24. Nxc5+ bxc5 25. Rh3 Kc6 26. Rb3 Nd7
27. Rg3 Rh7 28. Bc3 f6 29. f4 Nb6 30. b3 Nc8 31. Re3 Kd7 32. Rd3+ Kc6 33. Re3
Kd7 34. a3 Nd6 35. Kc2 Rh8 36. Rg3 Nf5 37. Rd3+ Kc6 38. b4 Nd6 39. Kb3 Ne4 40.
Ka4 Nxc3+ 41. Rxc3 Rd8 42. Ka5 cxb4 43. axb4 Rd2 44. b5+ Kc5 45. Ra3 axb5 46.
cxb5 Rxg2 47. b6 Rb2 48. Rc3+ Kd6 49. Ka6 e5 50. fxe5+ fxe5 51. Kb7 e4 52. Rc6+
Kd5 53. Kc7 e3 54. b7 e2 55. Rc1 Kd4 56. b8=Q Rxb8 57. Kxb8 Kd3 58. Ra1 Kd2 59.
Ra2+ Kd3 60. Ra3+ Kd2 1/2-1/2

[Event "SK Johanneum Eppendorf - SC Königssprin"]
[Site "Landesliga Hamburg 2019/20"]
[Date "2019.10.20"]
[Round "2.4"]
[White "Keyser, Robin"]
[Black "Conrad, Christian"]
[Result "1-0"]
[WhiteElo "2027"]
[BlackElo "2114"]
[PlyCount "69"]
[EventDate "2019.??.??"]

1. d4 Nf6 2. c4 g6 3. g3 c5 4. Nf3 cxd4 5. Nxd4 Bg7 6. Bg2 O-O 7. Nc3 Nc6 8.
O-O Nxd4 9. Qxd4 d6 10. Qh4 Be6 11. Bxb7 Rb8 12. Bd5 Bxd5 13. cxd5 Qa5 14. Rd1
Rb4 15. Qg5 Rc8 16. Qe3 Kf8 17. h3 Nd7 18. Ne4 Qb6 19. Ng5 h6 20. Nf3 Rc2 21.
Qd3 Rcc4 22. e3 Nc5 23. Qe2 Ne4 24. a3 Ra4 25. b3 Qxb3 26. Nd4 Bxd4 27. exd4
Kg7 28. Bxh6+ Kxh6 29. Qxe4 Rxa3 30. Rab1 Qc2 31. Qxe7 Ra2 32. Qf8+ Kg5 33.
Qxf7 Rxd4 34. Rxd4 Qxb1+ 35. Kg2 1-0

[Event "SK Johanneum Eppendorf - SC Königssprin"]
[Site "Landesliga Hamburg 2019/20"]
[Date "2019.10.20"]
[Round "2.5"]
[White "Streich, Justus"]
[Black "Schueler, Hendrik"]
[Result "1/2-1/2"]
[WhiteElo "1950"]
[BlackElo "2091"]
[PlyCount "56"]
[EventDate "2019.??.??"]

1. e4 e6 2. d3 d5 3. Nd2 Nc6 4. g3 Nf6 5. Bg2 dxe4 6. dxe4 Bc5 7. Ngf3 e5 8.
O-O O-O 9. c3 a5 10. Qe2 b6 11. Nc4 Ba6 12. a4 Qe7 13. b3 Ne8 14. Nh4 g6 15.
Bh6 Ng7 16. Kh1 f6 17. Qg4 Bc8 18. Qd1 Be6 19. f4 Rad8 20. Qe2 exf4 21. gxf4
Qf7 22. e5 Ne7 23. exf6 Qxf6 24. Bg5 Qxc3 25. Rab1 Bxc4 26. bxc4 Qd3 27. Qe5
Bd6 28. Qb2 Rde8 1/2-1/2

[Event "SK Johanneum Eppendorf - SC Königssprin"]
[Site "Landesliga Hamburg 2019/20"]
[Date "2019.10.20"]
[Round "2.6"]
[White "Wirthgen, Peter"]
[Black "Lohse, Marc"]
[Result "1-0"]
[WhiteElo "2080"]
[BlackElo "1908"]
[PlyCount "167"]
[EventDate "2019.??.??"]

1. d4 Nf6 2. c4 e6 3. Nc3 Bb4 4. Qc2 O-O 5. e4 Bxc3+ 6. bxc3 d6 7. Bd3 e5 8.
Ne2 Nbd7 9. O-O c5 10. d5 Re8 11. Ng3 Nf8 12. Rb1 Ng6 13. Nf5 b6 14. g3 Ne7 15.
f3 Nxf5 16. exf5 h6 17. Bd2 Bd7 18. Rfe1 Nh7 19. Kg2 Re7 20. h4 Qe8 21. Be4 Nf6
22. g4 Nxe4 23. fxe4 f6 24. Re3 Kf8 25. Rg3 Qf7 26. Qd1 g5 27. hxg5 fxg5 28.
Rh3 Qf6 29. Qh1 Rh7 30. Rh5 Kg8 31. Qh3 Be8 32. Bxg5 Qg7 33. Bxh6 Bxh5 34. Bxg7
Bxg4 35. Qxg4 Rxg7 36. Kf3 Rxg4 37. Kxg4 Kf7 38. Rh1 Rg8+ 39. Kf3 Ke8 40. Rh6
Kd7 41. Rh7+ Kc8 42. f6 Rf8 43. Rh6 Rg8 44. f7 Rf8 45. Rxd6 Rxf7+ 46. Ke3 Rg7
47. Re6 Rg3+ 48. Kd2 Rg2+ 49. Kd3 Rg5 50. Kc2 Kc7 51. Kb3 Kb7 52. Re7+ Kb8 53.
a4 a5 54. Kc2 Rg2+ 55. Kd3 Rg3+ 56. Kd2 Rg2+ 57. Kd3 Rg3+ 58. Kd2 Rg2+ 59. Kd1
Rg5 60. Ke2 Kc8 61. Kf3 Kb8 62. Rf7 Rg1 63. Ke3 Rg3+ 64. Rf3 Rg1 65. Rf5 Rg3+
66. Kd2 Rg2+ 67. Kd3 Rg3+ 68. Kc2 Rg2+ 69. Kb3 Re2 70. Rxe5 Kc7 71. Re6 Kb7 72.
e5 Kc7 73. Rc6+ Kb7 74. e6 Re4 75. Rd6 Kc7 76. Rd7+ Kc8 77. Re7 Re2 78. Rh7 Kd8
79. Rb7 Re1 80. Kc2 Re2+ 81. Kd3 Rh2 82. Rxb6 Rh3+ 83. Kc2 Rh1 84. Rb5 1-0

[Event "SK Johanneum Eppendorf - SC Königssprin"]
[Site "Landesliga Hamburg 2019/20"]
[Date "2019.10.20"]
[Round "2.7"]
[White "Chin, Karin"]
[Black "Zobel, Andrej"]
[Result "0-1"]
[WhiteElo "2024"]
[BlackElo "2039"]
[PlyCount "46"]
[EventDate "2019.??.??"]

1. e4 e5 2. d4 exd4 3. Qxd4 Nc6 4. Qe3 Nf6 5. Bd2 Bb4 6. Nc3 O-O 7. O-O-O Re8
8. Qg3 Rxe4 9. a3 Ba5 10. f4 d6 11. Bd3 Re8 12. Nf3 Bxc3 13. Bxc3 Nh5 14. Bxh7+
Kxh7 15. Ng5+ Kg6 16. Qh4 Rh8 17. Rdf1 Nxf4 18. Qxf4 Qxg5 19. Qxg5+ Kxg5 20.
Bxg7 Rh7 21. Rxf7 Kg6 22. Rhf1 Rxg7 23. R1f6+ Kh7 0-1

[Event "SK Johanneum Eppendorf - SC Königssprin"]
[Site "Landesliga Hamburg 2019/20"]
[Date "2019.10.20"]
[Round "2.8"]
[White "Keyser, Philipp"]
[Black "Goetz, Claus"]
[Result "1-0"]
[WhiteElo "1961"]
[BlackElo "1941"]
[PlyCount "65"]
[EventDate "2019.??.??"]

1. e4 c5 2. Nf3 Nc6 3. Bb5 d6 4. O-O Bd7 5. Re1 Nf6 6. c3 a6 7. Ba4 b5 8. Bc2
e5 9. d4 Be7 10. a4 O-O 11. Na3 Qb6 12. Be3 Bg4 13. d5 Nb8 14. Qe2 Bxf3 15.
gxf3 bxa4 16. Bxa4 Qd8 17. Nc4 Nfd7 18. Na5 f5 19. Nc6 Nxc6 20. Bxc6 f4 21. Bc1
Rb8 22. Qxa6 Rf6 23. Rb1 Nf8 24. b4 Ng6 25. Kf1 Rb6 26. Qa8 Rb8 27. Qa7 cxb4
28. Rxb4 Rxb4 29. cxb4 Bf8 30. b5 Qc8 31. Qd7 Qb8 32. Qb7 Qd8 33. b6 1-0

[Event "SC Königsspringer II - Schachfreunde II"]
[Site "Landesliga Hamburg 2019/20"]
[Date "2019.11.24"]
[Round "3.1"]
[White "Andersen, Jens Knud"]
[Black "Harder, Clemens"]
[Result "1-0"]
[WhiteElo "2152"]
[BlackElo "2154"]
[PlyCount "87"]
[EventDate "2019.??.??"]

1. d4 d5 2. Bf4 Nf6 3. e3 Bf5 4. c4 c6 5. Nc3 e6 6. Qb3 Qc8 7. Rc1 Nbd7 8. Nf3
Be7 9. cxd5 Nxd5 10. Bg3 Nxc3 11. bxc3 O-O 12. Be2 c5 13. O-O Be4 14. Rfd1 b6
15. c4 Qb7 16. d5 Rfd8 17. Ne1 e5 18. Bd3 Bxd3 19. Nxd3 Bd6 20. e4 Rf8 21. Re1
Rae8 22. a4 g6 23. a5 f5 24. exf5 gxf5 25. f3 Qc7 26. axb6 axb6 27. Rc2 f4 28.
Bf2 Ra8 29. Ra2 Rxa2 30. Qxa2 Rb8 31. Rb1 Rb7 32. Qa8+ Nb8 33. Qa4 Kf7 34. Qc2
Kg7 35. Be1 Qf7 36. Bc3 Nd7 37. Qe2 Qf5 38. Re1 Kf6 39. Nf2 Ke7 40. Ng4 Ra7 41.
Qb2 Kf8 42. Nxe5 Bxe5 43. Bxe5 Ra4 44. Bd6+ 1-0

[Event "SC Königsspringer II - Schachfreunde II"]
[Site "Landesliga Hamburg 2019/20"]
[Date "2019.11.24"]
[Round "3.2"]
[White "Cremer, Jochen"]
[Black "Gremmel, Jonas Simon"]
[Result "1/2-1/2"]
[WhiteElo "2094"]
[BlackElo "2039"]
[PlyCount "60"]
[EventDate "2019.??.??"]

1. c4 c6 2. Nf3 d5 3. e3 Nf6 4. Nc3 g6 5. b3 Bg7 6. Bb2 O-O 7. Be2 Nbd7 8. d4
b6 9. O-O Bb7 10. cxd5 Nxd5 11. Nxd5 cxd5 12. Rc1 Rc8 13. Qd3 Nb8 14. Rxc8 Bxc8
15. Rc1 Bb7 16. Qc3 Qc8 17. Ba3 Bf6 18. Ne5 Qxc3 19. Rxc3 Rc8 20. Rxc8+ Bxc8
21. Bg4 Bxg4 22. Nxg4 Kg7 23. f3 Nc6 24. Kf2 h5 25. Nxf6 Kxf6 26. Ke2 e5 27.
dxe5+ Kxe5 28. Bb2+ Ke6 29. Bc3 f5 30. Kd3 Nd8 1/2-1/2

[Event "SC Königsspringer II - Schachfreunde II"]
[Site "Landesliga Hamburg 2019/20"]
[Date "2019.11.24"]
[Round "3.3"]
[White "Dietz, Juergen"]
[Black "Hloskovsky, Andrei"]
[Result "1/2-1/2"]
[WhiteElo "2175"]
[BlackElo "2065"]
[PlyCount "33"]
[EventDate "2019.??.??"]

1. f4 g6 2. Nf3 Bg7 3. e4 c5 4. Be2 Nc6 5. c3 d5 6. d3 dxe4 7. dxe4 Qxd1+ 8.
Bxd1 Nf6 9. e5 Nd5 10. Bb3 Nc7 11. Be3 b6 12. Nbd2 Be6 13. Bxe6 Nxe6 14. O-O-O
O-O 15. Ne4 Rfd8 16. Kc2 Nc7 17. Rxd8+ 1/2-1/2

[Event "SC Königsspringer II - Schachfreunde II"]
[Site "Landesliga Hamburg 2019/20"]
[Date "2019.11.24"]
[Round "3.4"]
[White "Conrad, Christian"]
[Black "Hermann, Matthias"]
[Result "0-1"]
[WhiteElo "2114"]
[BlackElo "2217"]
[PlyCount "76"]
[EventDate "2019.??.??"]

1. Nf3 c5 2. g3 d5 3. Bg2 Nc6 4. O-O Nf6 5. c4 d4 6. d3 Bg4 7. h3 Bxf3 8. Bxf3
Qd7 9. Bg2 e5 10. e3 Be7 11. Re1 Rc8 12. exd4 exd4 13. Bf4 O-O 14. Nd2 Rfe8 15.
Nf3 Bd6 16. Bxd6 Qxd6 17. a3 Rxe1+ 18. Nxe1 Rc7 19. Rb1 a5 20. Qa4 b6 21. Qb5
Nd7 22. Bxc6 Rxc6 23. b4 axb4 24. axb4 g5 25. Qa4 Qf6 26. Qd1 Ne5 27. Kg2 Qf5
28. g4 Qf6 29. Kg1 Qh6 30. Nf3 Ng6 31. Kh2 Nf4 32. Qf1 Rf6 33. Ne5 Re6 34. Re1
Qf6 35. Nf3 Rxe1 36. Nxe1 cxb4 37. Qh1 Qd6 38. Kg1 Kg7 0-1

[Event "SC Königsspringer II - Schachfreunde II"]
[Site "Landesliga Hamburg 2019/20"]
[Date "2019.11.24"]
[Round "3.5"]
[White "Mix, Clemens"]
[Black "Streich, Justus"]
[Result "*"]
[WhiteElo "1909"]
[BlackElo "1948"]
[PlyCount "107"]
[EventDate "2019.??.??"]

1. d4 Nf6 2. c4 e6 3. Nf3 d5 4. g3 Be7 5. Bg2 O-O 6. O-O dxc4 7. Qc2 a6 8. a4
Bd7 9. Qxc4 Bc6 10. Bf4 Nbd7 11. Nc3 Bd6 12. Bg5 h6 13. Bxf6 Nxf6 14. Rfe1 Ne4
15. Ne5 Bxe5 16. dxe5 Nd2 17. Qf4 Bxg2 18. Kxg2 Qg5 19. Rad1 Qxf4 20. gxf4 Rfd8
21. e3 Kf8 22. Re2 Nb3 23. Rxd8+ Rxd8 24. Ne4 b6 25. Rc2 Rd7 26. Rc3 Nd2 27.
Nxd2 Rxd2 28. b3 Rd7 29. Kf3 Ke7 30. Ke4 Kd8 31. b4 Kc8 32. Rd3 Rxd3 33. Kxd3
Kb7 34. Kd4 c6 35. e4 g6 36. f3 h5 37. Kc4 a5 38. bxa5 bxa5 39. Kc5 h4 40. Kd6
Kb6 41. Ke7 c5 42. Kxf7 c4 43. f5 gxf5 44. exf5 c3 45. fxe6 c2 46. e7 c1=Q 47.
e8=Q Qf4+ 48. Kg6 Qxh2 49. Qb5+ Kc7 50. Qxa5+ Kc8 51. Qc5+ Kd8 52. Qd5+ Ke7 53.
Qb7+ Ke6 54. Qf7+ *

[Event "SC Königsspringer II - Schachfreunde II"]
[Site "Landesliga Hamburg 2019/20"]
[Date "2019.11.24"]
[Round "3.6"]
[White "Lohse, Marc"]
[Black "Steinmetz, Oliver"]
[Result "1-0"]
[WhiteElo "1918"]
[BlackElo "1991"]
[PlyCount "79"]
[EventDate "2019.??.??"]

1. e4 d5 2. exd5 Qxd5 3. Nc3 Qd8 4. d4 g6 5. Be3 Bg7 6. Bc4 Nf6 7. h3 Nc6 8.
Nf3 e6 9. Qd2 O-O 10. O-O-O a6 11. Bg5 b5 12. Be2 b4 13. Na4 Qd5 14. c4 Qa5 15.
Qc2 b3 16. axb3 Nb4 17. Bd2 Rb8 18. Bxb4 Rxb4 19. Ne5 Bb7 20. f3 Ba8 21. Nd3
Rbb8 22. Ndc5 Bc6 23. Qc3 Rb4 24. Nd3 Rxa4 25. bxa4 Qxc3+ 26. bxc3 Bxa4 27. Rd2
Bb3 28. Nc5 Bxc4 29. Bxc4 Bh6 30. Nxa6 Ra8 31. Kc2 Bxd2 32. Kxd2 c6 33. Rb1 Kg7
34. Rb7 Ne8 35. Rd7 Kf6 36. Nc7 Nxc7 37. Rxc7 Rd8 38. Rxc6 Kf5 39. g3 e5 40.
Bd3+ 1-0